000 01274cam a2200301 i 4500
999 _c129412
_d129412
001 1831566
003 ARRUPE
005 20190423144346.0
008 801110s1971 ilu b 001 0 eng
010 _a 80133009
020 _a0226653706
040 _aDLC
_cDLC
_dDLC
050 0 0 _aBT25
_b.P43 vol. 1
082 0 0 _a230/.09 s
_a230/.13
_219
100 1 _aPelikan, Jaroslav,
_d1923-2006.
_912378
245 1 4 _aThe emergence of the Catholic tradition (100-600) /
_cJaroslav Pelikan.
260 _aChicago :
_bUniversity of Chicago Press,
_c1971.
300 _axxiii, 394 p. ;
_c24 cm.
490 1 _aHis The Christian tradition ;
_v1
500 _aIncludes indexes.
504 _aBibliography: p. 358-376.
650 0 _aTheology, Doctrinal
_xHistory
_yEarly church, ca. 30-600.
_93161
800 1 _aPelikan, Jaroslav,
_d1923-2006.
_tChristian tradition ;
_v1.
_945850
856 4 2 _3Publisher description
_uhttp://www.loc.gov/catdir/enhancements/fy0666/80133009-d.html
856 4 1 _3Table of contents only
_uhttp://www.loc.gov/catdir/enhancements/fy0666/80133009-t.html
856 4 2 _3Contributor biographical information
_uhttp://www.loc.gov/catdir/enhancements/fy1101/80133009-b.html
906 _a7
_bcbc
_corignew
_d2
_encip
_f19
_gy-gencatlg
942 _2lcc
_cMONOGRAPH